| 000 | 01357nam0a2200337 4500 | ||
|---|---|---|---|
| 001 | RU\NLR\BIBL_A\012367010 | ||
| 005 | 20250624021047.0 | ||
| 010 | _a978-5-00165-057-7 | ||
| 035 | _a(NLR Aleph) 012367010 | ||
| 090 |
_a11557777 _c11557777 |
||
| 100 | _a20201001d2020 |||y0rusy50 ca | ||
| 101 | 1 |
_arus _cgre |
|
| 102 | _aRU | ||
| 105 | _ay|||z|||000ay | ||
| 181 | 0 |
_ai _baxxe |
|
| 182 | 0 | _an | |
| 200 | 1 |
_aМастерская _eроман _fМенис Кумандареас _gперевод с греческого: В. Г. Соколюка |
|
| 203 |
_aТекст _bвизуальный _cнепосредственный |
||
| 210 |
_aСанкт-Петербург _cАлетейя _cНезависимый альянс _d2020 |
||
| 215 |
_a124, [4] с. _d22 |
||
| 225 | 1 |
_aБиблиотека новогреческой литературы _fредкол.: Ф. Елоева - пред. [и др.] |
|
| 320 | _aДр. произведения авт. на 4-й с. обл. | ||
| 686 | 1 | _aШ6(4Гр)07-4{Лх1268} | |
| 700 | 1 |
_7ca _8rus _aКумандареас _bМ. _f1931-2014 _gМенис _9239341 _3RU\NLR\AUTH\770239397 |
|
| 702 | 1 |
_aСоколюка _bВ. Г. _4730 |
|
| 942 | _cBOOK | ||
| 980 | _aNBR | ||
| 980 | _aNB | ||